Elvis, Beatles, Police : història del pop-rock / Pep Alsina, Encarna Lara, Frederic Sesé història del pop-rock / Pep Alsina, Encarna Lara, Frederic Sesé
Publicado:
Barcelona :
Graó : Servei d' Ensenyament i Investigació de la Diputació de Barcelona ,
1988
Descripción Física:
62 p. : il. ; 20 x 21 cm
Colección:
Biblioteca de la Classe ; 35
Materias:
Música rock -- Història
MARC
| LEADER | 00000nam a2200000Ia 4500 | ||
|---|---|---|---|
| 001 | 8282 | ||
| 008 | 160829s1988 xx 000 0 cat d | ||
| 080 | |a B-1-225 | ||
| 100 | |a Alsina, Pep |9 20133 | ||
| 245 | |a Elvis, Beatles, Police : |b història del pop-rock / Pep Alsina, Encarna Lara, Frederic Sesé | ||
| 260 | |a Barcelona : |b Graó : |b Servei d' Ensenyament i Investigació de la Diputació de Barcelona, |c 1988 | ||
| 300 | |a 62 p. : |b il. ; |c 20 x 21 cm | ||
| 490 | |a Biblioteca de la Classe ; 35 | ||
| 650 | |a Música rock |x Història |9 20134 | ||
| 700 | |a Lara, Encarna |9 20135 | ||
| 700 | |a Sesé, Frederic |9 20136 | ||
| 710 | 1 | |a Barcelona (Catalunya : Província). |b Servei d'Ensenyament i Investigació |9 54366 | |
| 901 | |a Arxiu | ||
| 942 | |n 1 | ||
| 952 | |0 0 |1 0 |4 0 |6 B1225 |7 1 |9 41456 |a Arxiu |b Arxiu |d 2016-12-01 |l 0 |o B-1-225 |p 8282 |r 2016-12-01 00:00:00 |w 2016-12-01 |y ARXIU | ||
| 999 | |c 43264 |d 43264 | ||